Gaming Quiz

Random Gaming or Pokémon Quiz
Score 0/40 Timer 05:00
11 Plays Today
% Correct
Vanilluxe
94.4%
Elekid
93.7%
Pikachu
93.7%
Weepinbell
93.2%
Butterfree
92.9%
Abra
92.8%
Porygon2
92.3%
Golbat
92.2%
Magnezone
92%
Haunter
91.9%
Ivysaur
91.9%
Starly
91.4%
Clefable
91.3%
Charizard
91.1%
Dragonair
91%
Squirtle
90.7%
Togekiss
90.7%
Klink
90.5%
Rhyperior
90.4%
Igglybuff
89.4%
% Correct
Geodude
89.2%
Nidoking
89.1%
Piplup
88.3%
Dusclops
87.9%
Nidoqueen
86.4%
Totodile
86.3%
Kingdra
86.2%
Roserade
85%
Blaziken
84%
Piloswine
83.8%
Pupitar
83.7%
Whirlipede
83.4%
Quilava
82.6%
Blissey
81%
Pignite
80.8%
Walrein
79.4%
Exploud
78.3%
Jumpluff
77.8%
Chandelure
76.6%
Herdier
70.3%
Remove Ads.
Support Sporcle.
Get the best of Sporcle when you Go Orange. This ad-free experience offers more features, more stats, and more fun while also helping to support Sporcle. Thank you for becoming a member.

You're not logged in!

Compare scores with friends on all Sporcle quizzes.
OR
Log In

Show Comments

Extras

Top Quizzes Today


Score Distribution

Your Account Isn't Verified!

In order to create a playlist on Sporcle, you need to verify the email address you used during registration. Go to your Sporcle Settings to finish the process.

Report this User

Report this user for behavior that violates our Community Guidelines.

Details: